فکر و تحقیق (Record no. 174414)

MARC details
000 -LEADER
fixed length control field 00423nam a22001697a 4500
005 - DATE AND TIME OF LATEST TRANSACTION
control field 20200612150925.0
010 ## - LCCN (DPL NO)
LC control number A-603665
020 ## - INTERNATIONAL STANDARD BOOK NUMBER
Terms of availability 15.00
International Standard Book Number -
035 ## - SYSTEM CONTROL NUMBER
System control number A-603665
037 ## - SOURCE OF ACQUISITION
Source of stock number/acquisition BPPD/Ven.
082 ## - DEWEY DECIMAL CLASSIFICATION NUMBER
Classification number 840
245 ## - TITLE STATEMENT
Title فکر و تحقیق
246 ## - VARYING FORM OF TITLE
Title proper/short title Fikr-wa-Tehqeeq
260 ## - PUBLICATION, DISTRIBUTION, ETC. (IMPRINT)
Place of publication, distribution, etc N.Delhi
Date of publication, distribution, etc 1989 ء
Name of publisher, distributor, etc Taraqqui Urdu Bureau
300 ## - PHYSICAL DESCRIPTION
Extent 177p.
Dimensions 22cm(Hb)
942 ## - ADDED ENTRY ELEMENTS (KOHA)
Source of classification or shelving scheme Dewey Decimal Classification
Item type Urdu Bks
Classification part 840
Call number suffix ف ک ر
Holdings
Withdrawn status Lost status Not for loan Collection code Home library Current library Date acquired Source of acquisition Cost, normal purchase price Full call number Barcode Copy number Cost, replacement price Koha item type
      Non-fiction Central Library Central Library 12/06/2020 BPPD/Ven. 15.00 840 ف ک ر A-603665 1 15.00 Urdu Bks

© Delhi Public Library
Hit Counter
free hit counter